Taylor Swift - Hey Stephen Lyrics - Statistics

General Stats
  • This quiz has been taken 236 times
  • The average score is 324 of 404
Answer Stats
Answer % Correct
Hey
99%
Stephen
99%
I
97%
a
96%
be
96%
you
95%
you?
95%
but
94%
But
94%
an
93%
in
93%
the
93%
The
93%
can
92%
look
91%
it
90%
me
90%
my
90%
when
90%
know
89%
do
86%
on
86%
so
86%
And
85%
and
85%
can't
85%
Can't
85%
if
85%
to
85%
we
85%
for
84%
like
84%
no
84%
there
84%
one
83%
all
82%
All
82%
they
82%
this
82%
angel
81%
don't
81%
help
81%
your
81%
kiss
80%
rain
80%
saw
80%
why
80%
Why
80%
i've
79%
I've
79%
myself
79%
Oh
79%
oh
79%
wanna
79%
would
79%
'Cause
78%
say
78%
way
78%
Yeah
78%
beautiful
77%
could
77%
else
77%
feel
77%
girls
77%
it's
77%
It's
77%
looks
77%
been
76%
light
76%
should
76%
there's
76%
walk
76%
ever
75%
feeling
75%
talk
75%
met
74%
since
74%
deceiving
73%
magic
73%
give
72%
name
72%
other
72%
at
71%
Come
71%
come
71%
Mmm
71%
mmm
71%
reasons
71%
They're
71%
they're
71%
I'll
70%
song
70%
fifty
69%
things
69%
as
68%
change
68%
didn't
68%
write
68%
you're
68%
always
67%
even
67%
think
67%
are
66%
have
66%
Of
66%
stay
66%
those
66%
wanted
66%
choose
65%
well
65%
got
64%
window
63%
alone
62%
same
62%
shine
62%
some
62%
half
61%
waiting
61%
rocks
60%
walked
60%
wonderful
60%
were
59%
cold
58%
never
58%
people
57%
seen
57%
here
55%
I'm
55%
leaving
55%
holding
54%
might
54%
tossing
54%
back
53%
believing
53%
out
52%
thought
52%
now
51%
aren't
50%
talking
48%
nobody
47%
boy
44%
perfect
43%
tonight?
43%
lights
41%
dimming
40%
street
40%
pull
39%
near
34%
Uh
22%
No matching quizzes found
Score Distribution
Percent of People with Each Score
Percentile by Number Answered
Your Score History
You have not taken this quiz